|
|
|
|
| LEADER |
02037nam a2200337 4500 |
| 001 |
31624 |
| 003 |
BD-DhAAL |
| 005 |
20170308124445.0 |
| 008 |
170306s2017 uk bo||| b||| 00| 0 eng d |
| 020 |
|
|
|a 9781786357465
|
| 040 |
|
|
|a BD-DhAAL
|b BD-DhAAL
|
| 082 |
0 |
4 |
|2 23
|a 658.80095
|
| 245 |
1 |
0 |
|a Strategic marketing management in Asia :
|b case studies and lessons across industries /
|c edited by Syed Saad Andaleeb and Khalid Hasan.
|
| 250 |
|
|
|a 1st ed.
|
| 260 |
|
|
|a Bingley :
|b Emerald,
|c c2017
|
| 300 |
|
|
|a xxxvi, 552 pages :
|b illustrations, maps ;
|c 23 cm.
|
| 500 |
|
|
|a Foreward by Jaideep Prabhu, endorsements by Jagdish Sheth, Kasturi Rangan and Abdul Mannan,
|
| 504 |
|
|
|a Includes bibliographical references (p. 527-552)
|
| 526 |
|
|
|a AAL
|
| 541 |
|
|
|e 31624, 31625, 31626, 31627, 31628
|
| 650 |
0 |
|
|a Marketing
|z Asia
|x Management
|9 21058
|
| 700 |
1 |
|
|a Andaleeb, Dr. Syed Saad.
|9 21067
|
| 700 |
1 |
|
|a Hasan, Khalid.
|9 21068
|
| 852 |
|
|
|a Ayesha Abed Library
|c General Stacks
|
| 942 |
|
|
|2 ddc
|c BK
|
| 999 |
|
|
|c 37976
|d 37976
|
| 952 |
|
|
|0 0
|1 0
|2 ddc
|4 0
|5 1
|6 658_800950000000000_STR
|7 1
|9 60072
|a BRACUL
|b BRACUL
|c GEN
|d 2017-03-05
|e Trim Education
|g 6758.00
|l 0
|o 658.80095 STR
|p 3010031624
|r 2017-03-06
|t 1
|v 6758.00
|w 2017-03-05
|y BK
|
| 952 |
|
|
|0 0
|1 0
|2 ddc
|4 0
|6 658_800950000000000_STR
|7 0
|9 60073
|a BRACUL
|b BRACUL
|c GEN
|d 2017-03-05
|e Trim Education
|g 6758.00
|l 5
|m 34
|o 658.80095 STR
|p 3010031625
|r 2019-04-15
|s 2018-09-24
|t 2
|v 6758.00
|w 2017-03-05
|y BK
|
| 952 |
|
|
|0 0
|1 0
|2 ddc
|4 0
|6 658_800950000000000_STR
|7 0
|9 60074
|a BRACUL
|b BRACUL
|c GEN
|d 2017-03-05
|e Trim Education
|g 6758.00
|l 5
|m 67
|o 658.80095 STR
|p 3010031626
|r 2025-08-26
|s 2023-10-16
|t 3
|v 6758.00
|w 2017-03-05
|y BK
|
| 952 |
|
|
|0 0
|1 0
|2 ddc
|4 0
|6 658_800950000000000_STR
|7 0
|9 60075
|a BRACUL
|b BRACUL
|c GEN
|d 2017-03-05
|e Trim Education
|g 6758.00
|l 1
|o 658.80095 STR
|p 3010031627
|r 2018-01-07
|s 2018-01-03
|t 4
|v 6758.00
|w 2017-03-05
|y BK
|
| 952 |
|
|
|0 0
|1 0
|2 ddc
|4 0
|6 658_800950000000000_STR
|7 0
|9 60076
|a BRACUL
|b BRACUL
|c GEN
|d 2017-03-05
|e Trim Education
|g 6758.00
|l 3
|m 6
|o 658.80095 STR
|p 3010031628
|r 2023-07-19
|s 2023-05-29
|t 5
|v 6758.00
|w 2017-03-05
|y BK
|